000 00882cam a2200265 4500
001 296803
003 ARRUPE
005 20131205185519.0
008 720815m19701975enka b 001 0 eng
010 _a 71298918
040 _aDLC
_cDLC
_dDLC
043 _af-sa---
050 0 0 _aDT930
_b.H5 1970
082 0 0 _a968/.2/04
100 1 _aHickman, A. S.
_95266
245 1 0 _aRhodesia served the Queen;
_bRhodesian forces in the Boer War, 1899-1902
_c[by] A. S. Hickman.
260 _aSalisbury,
_bGovt. Printer,
_c1970-1975.
300 _a2 v.
_billus.
_c26 cm.
500 _aVol. 2 has title: From Mafeking until the end of the war on the 31st May, 1902.
500 _aIncludes index.
504 _aBibliography: v. 1, p. ix-x; v. 2, p. xi.
650 0 _aSouth African War, 1899-1902.
_95267
906 _a7
_bcbc
_corignew
_d4
_encip
_f19
_gy-gencatlg
942 _2lcc
_cMONOGRAPH
999 _c119119
_d119119